00787naa a2200241 a 450000100080000000500110000800800410001910000150006024501370007526000090021265300210022165300220024265300090026465300350027370000180030870000220032670000170034870000170036570000200038270000260040270000200042877300970044810746782011-03-03 2010 bl uuuu u00u1 u #d1 aTOSCAN, G. aNeosporose equinabocorr??ncia de anticorpos anti-Neospora spp. e associa????o entre o status sorol??gico de ??guas e de suas crias. c2010 aNeospora hughesi aNesospora caninum aRIFI aTransmiss??o transplacent??ria1 aCADORE, G. C.1 aPEREIRA, R. C. F.1 aSILVA, G. B.1 aCEZAR, A. S.1 aSANGIONI, L. A.1 aOLIVEIRA, L. S. S. de1 aVOGEL, F. S. F. tPesquisa Veterin??ria Brasileira, Rio de Janeiro, RJgv. 30, n. 8, p. 641-645, agosto, 2010.